| Tag |
First Indicator |
Second Indicator |
Subfields |
| LEADER |
00000cam a2200000 4500 |
| 001 |
in00003824530 |
| 005 |
20190415190307.0 |
| 006 |
m o d |
| 007 |
cr |n||||||||n |
| 008 |
901210s1780 stk|||| o 00||||lat c |
| 035 |
|
|
|a (CU-RivES)T202548
|
| 035 |
|
|
|a (Uk-ES)006297080
|
| 035 |
|
|
|a (OCoLC)509732187
|
| 040 |
|
|
|a Uk-ES
|c Uk-ES
|d CStRLIN
|d Cengage Gale
|d UtOrBLW
|
| 050 |
|
4 |
|a AC4
|b .M667 1780
|
| 100 |
1 |
|
|a Moor, James,
|d 1712-1779.
|0 http://id.loc.gov/authorities/names/n85089661
|
| 245 |
1 |
0 |
|a Elementa linguae Graecae :
|b Novis, plerumque, regulis tradita; brevitate sua memoriae facilibus. Pars prima, complectens partes orationis declinabiles et analogiam duas in unam syllabas contrahendi, ex ipsa vocalium natura deductam; et regulis universalibus traditam. In usum tyronum juniorum classis graecae in Academia Glascuensi. Editio sexta prioribus auctior et emendatior, Studio Jacobi Moor, L.L.D. in Eadim Academia Litt. Graaec. prof.
|
| 264 |
|
1 |
|a Glasguae :
|b Excudebat Andreas Foulis. Edinburgi: veneunt apud W. Graye, et J. Dickson,
|c MDCCLXXX. [1780]
|
| 300 |
|
|
|a 1 online resource (4 unnumbered pages, 162, 2 unnumbered pages, plate)
|
| 336 |
|
|
|a text
|b txt
|2 rdacontent
|
| 337 |
|
|
|a computer
|b c
|2 rdamedia
|
| 338 |
|
|
|a online resource
|b cr
|2 rdacarrier
|
| 500 |
|
|
|a With a half-title.
|
| 500 |
|
|
|a The title leaf has horizontal chain lines.
|
| 510 |
4 |
|
|a Gaskell,
|c 646
|
| 510 |
4 |
|
|a English Short Title Catalog,
|c T202548.
|
| 500 |
|
|
|a Reproduction of original from National Library of Scotland.
|
| 500 |
|
|
|a Electronic resource.
|
| 650 |
|
0 |
|a Greek language
|x Grammar
|v Early works to 1800.
|
| 655 |
|
7 |
|a Electronic books.
|2 local
|
| 710 |
2 |
|
|a Gale (Firm)
|0 http://id.loc.gov/authorities/names/no2008071348
|
| 752 |
|
|
|a Great Britain
|b Scotland
|d Glasgow.
|
| 856 |
4 |
0 |
|u http://proxy.library.tamu.edu/login?url=http://find.galegroup.com/ecco/infomark.do?contentSet=ECCOArticles&docType=ECCOArticles&bookId=1669000300&type=getFullCitation&tabID=T001&prodId=ECCO&docLevel=TEXT_GRAPHICS&version=1.0&source=library&userGroupName=txshracd2898
|z Connect to the full text of this electronic book
|t 0
|
| 999 |
f |
f |
|s 81f6eb5d-274d-31b4-bec8-e6b83c5d7dd9
|i db4a088e-fa8a-344b-aebb-0f8c0132dc92
|t 0
|
| 952 |
f |
f |
|a Texas A&M University
|b College Station
|c Electronic Resources
|d Available Online
|t 0
|e AC4 .M667 1780
|h Library of Congress classification
|
| 998 |
f |
f |
|a AC4 .M667 1780
|t 0
|l Available Online
|